Small-scale altitudinal variation in lowland wet tropical forest vegetation (Registro nro. 9777)

Detalles MARC
000 -CABECERA
Campo de control 006000000a22001930004500
090 ## - CLASIFICACIÓN LOCAL
Colección AR
Consecutivo 00686
041 0# - IDIOMA
Código de idioma para texto/pista de sonido o título separado
100 1# - ASIENTO PRINCIPAL--NOMBRE PERSONAL
Nombre personal Lieberman, Milton
245 10 - MENCION DE TITULO
Título Small-scale altitudinal variation in lowland wet tropical forest vegetation
650 14 - ASIENTO SECUNDARIO DE MATERIA - TERMINO TEMATICO
Término temático o nombre geográfico como elemento de entrada Fenología
650 14 - ASIENTO SECUNDARIO DE MATERIA - TERMINO TEMATICO
Término temático o nombre geográfico como elemento de entrada Biogeografía
650 14 - ASIENTO SECUNDARIO DE MATERIA - TERMINO TEMATICO
Término temático o nombre geográfico como elemento de entrada Bosques tropicales
650 14 - ASIENTO SECUNDARIO DE MATERIA - TERMINO TEMATICO
Término temático o nombre geográfico como elemento de entrada Riqueza de especies
700 1# - ASIENTO SECUNDARIO - NOMBRE PERSONAL
Nombre personal Lieberman, Diana
700 1# - ASIENTO SECUNDARIO - NOMBRE PERSONAL
Nombre personal Hartshorn, Gary S.
700 1# - ASIENTO SECUNDARIO - NOMBRE PERSONAL
Nombre personal Peralta, Rodolfo
773 1# - Item fuente:
Título Journal of Ecology
Especificación de materiales 249
Descripción física 73
Paginas del Articulo 505-516
Lugar, editorial y fecha de publicación 1985
Información sobre la relación 73
942 ## - ELEMENTOS ADICIONALES (KOHA)
Tipo de ítem Artículo
Existencias
Withdrawn status Lost status Damaged status No para préstamo Colección Ubicación Permanente Ubicación actual Fecha de adquisición Fuente de Valor Datos de publicación Seriada Total Checkouts Número topográfico Inventario / Código de Barras Date last seen Ejemplar Price effective from Forma de adquisición Tipo de material
      No para Préstamo Hemeroteca Bogotá Bogotá 27/02/2015 Instituto de Ciencias Naturales Fuera de circulación   AR 00686 011001 25/03/2015 1 25/03/2015   Artículo
      No para Préstamo Hemeroteca Bogotá Bogotá 27/02/2015 Instituto de Ciencias Naturales Fuera de circulación   AR 00686 011002 25/03/2015 2 25/03/2015   Artículo